National accounts of OECD countries main aggregates

Salvato in:
Dettagli Bibliografici
Natura: Libro
Lingua:inglese
Pubblicazione: Paris OECD 2015
Soggetti:
Tags: Aggiungi Tag
Nessun Tag, puoi essere il primo ad aggiungerne!!

MARC

LEADER 00000nam a2200000 4500
001 0210978
005 20240313135024.2
020 |a 978-92-64-23268-6 
022 |a 2221-4321 
041 0 |a eng 
044 |a FR 
245 1 0 |a National accounts of OECD countries  |b main aggregates 
264 1 |a Paris  |b OECD  |c 2015 
300 |a 179 s. 
610 2 0 |a účty národné 
610 2 0 |a produkt domáci hrubý 
610 2 0 |a ceny 
610 2 0 |a parita sily kúpnej 
610 2 0 |a miera úroková 
610 2 0 |a spotreba 
610 2 0 |a populácia 
610 2 0 |a príjmy 
610 2 0 |a úspory 
610 2 0 |a pôžičky 
610 2 0 |a výdavky 
610 2 0 |a údaje štatistické 
610 2 0 |a porovnanie štatistické medzinárodné 
610 2 0 |a 2006-2013